Statistics for Movies with America in the Title

Click here to take the quiz!

General Stats

  • This quiz has been taken 23,307 times
    (16,841 since last reset)
  • The average score is 9 of 16

Answer Stats

Description Movie or TV Show % Correct
Michigan teenagers vow to lose their virginity before graduationAmerican Pie
86%
Singers from around America compete to become the next pop star
no one will remember in six months
American Idol
82%
Wannabe models are tormented by Tyra Banks for a chance to win a modeling contractAmerica's Next Top
Model
74%
African prince emigrates to AmericaComing to America
70%
Talent show where performers of all stripes compete for a $1 million prizeAmerica's Got Talent
67%
Animated show about a CIA operative and his weird familyAmerican Dad!
64%
Wall Street man has great business cards and a lust to killAmerican Psycho
60%
Viewers send in videos of groin shots and other domestic humorAmerica's Funniest
Home Videos
59%
There is nothing so beautiful as a plastic bag, dancing in the windAmerican Beauty
55%
Backpacker in rural England is bitten by something on the night of a full moonAn American Werewolf
in London
52%
Show that helps you, the audience, to catch dangerous criminals on the runAmerica's Most Wanted
51%
Reformed skinhead tries to prevent his brother from making the same mistakes he didAmerican History X
50%
Show that evokes the splendor and cruelty of ancient Rome with
combatants named Nitro, Turbo and Gemini
American Gladiators
45%
Male prostitute is framed for murderAmerican Gigolo
36%
The President of the United States tries to get laid by proposing legislation
that appeals to his potential girlfriend
The American President
34%
Frank Lucas becomes rich and powerful by smuggling heroin from Vietnam into the USAmerican Gangster
30%

Score Distribution

Percentile by Number Answered

Percent of People with Each Score

Your Score History

You have not taken this quiz since the last reset